Largest Cities Containing 'G' - Statistics

General Stats
  • This quiz has been taken 228 times
  • The average score is 15 of 20
Answer Stats
Population Country City % Correct
16,900,000 Thailand Bangkok
94%
13,400,000 South Africa Johannesburg
94%
17,600,000 United States Los Angeles
93%
30,900,000 China Shanghai
93%
6,850,000 Iraq Baghdad
92%
9,800,000 United States Chicago
92%
47,700,000 China Guangzhou
92%
17,100,000 Nigeria Lagos
92%
6,900,000 Singapore Singapore
92%
9,350,000 Colombia Bogotá
91%
21,100,000 China Beijing
90%
8,350,000 United States Washington, DC
80%
10,500,000 India Bengaluru
75%
9,600,000 China Chengdu
63%
7,250,000 China Hong Kong
59%
5,950,000 Indonesia Bandung
56%
7,050,000 China Chongqing
52%
6,850,000 China Nanjing
49%
8,300,000 China Hangzhou
46%
7,650,000 China Shenyang
35%
No matching quizzes found
Score Distribution
Percent of People with Each Score
Percentile by Number Answered
Your Score History
You have not taken this quiz